000 01246nam a2200277 i 4500
001 78389
003 ES-MaACL
005 20250812024128.0
007 t|
008 041014s1957 sp ||||1| spa d
100 1 _aHauser, Arnold.
_962109
245 1 0 _aHistoria social de la literatura y el arte /
_cArnold Hauser ; [lo tradujeron al español A. Tovar y F.P. Varas-Reyes].
260 _aMadrid :
_bGuadarrama,
_c[1957] (
_fEd. Castilla)
300 _a3 v. :
_blám. ;
_c19 cm.
490 1 _aGuadarrama de crítica y ensayo
505 8 _aContiene: I. Prehistoria. Antiguas culturas orientales. Grecia y Roma. Edad Media. Renacimiento (490 p., 21 lám.) - II. Manierismo. Barroco. Rococó. Clasicismo. Romanticismo (509-959 p., 14 lám.) - III. Naturalismo e impresionismo. Bajo el signo del cine (973-1306 p., 9 lám.)
650 4 _aArte-
_vHistoria
_910107
650 4 _aArte y sociedad-
_vHistoria.
_9144275
650 _aLiteratura-
_xHistoria y crítica.
_914489
650 7 _aLiteratura y sociedad
_2embne
_914679
700 1 _aTovar, Antonio,
_d1911-1985
_9111167
700 1 _aVaras-Reyes, F. P.
_9113119
830 1 _aGuadarrama de crítica y ensayo
_9182728
852 _aES-MaACL
_jC-12282-84
999 _c78389
_d78389